Welcome to CU Library Online Public Access Catalogue (OPAC)

Basic Nursing (Record no. 7856)

MARC details
000 -LEADER
fixed length control field 00524nam a22001697a 4500
005 - DATE AND TIME OF LATEST TRANSACTION
control field 20251028144255.0
008 - FIXED-LENGTH DATA ELEMENTS--GENERAL INFORMATION
fixed length control field 251028b |||||||| |||| 00| 0 eng d
020 ## - INTERNATIONAL STANDARD BOOK NUMBER
International Standard Book Number 9780803627789
050 ## - LIBRARY OF CONGRESS CALL NUMBER
Classification number RT49
Item number .T74
100 ## - MAIN ENTRY--PERSONAL NAME
Personal name Treas, Leslie S.
245 ## - TITLE STATEMENT
Title Basic Nursing
Remainder of title Concepts, Skills & Reasoning
Statement of responsibility, etc. Leslie S. Treas & Judith M. Wilkinson
260 ## - PUBLICATION, DISTRIBUTION, ETC.
Place of publication, distribution, etc. Philadelphia
Name of publisher, distributor, etc. F. A. Davis Company
Date of publication, distribution, etc. 2014
300 ## - PHYSICAL DESCRIPTION
Extent xliv. 1708p.
Other physical details ill. color
Dimensions 28.5cm
500 ## - GENERAL NOTE
General note includes index
700 ## - ADDED ENTRY--PERSONAL NAME
Personal name Wilkinson, Judith M.
942 ## - ADDED ENTRY ELEMENTS (KOHA)
Source of classification or shelving scheme Library of Congress Classification
Koha item type Books
Suppress in OPAC No
999 ## -
-- 7856
-- 7856
Holdings
Withdrawn status Lost status Source of classification or shelving scheme Damaged status Not for loan Collection Home library Current library Shelving location Date acquired Total checkouts Full call number Barcode Date last seen Copy number Price effective from Koha item type
    Library of Congress Classification     Non-fiction Science Library (Miotso) Science Library (Miotso) General stacks 10/28/2025   RT49 .T74 TRE SLM00004711 10/28/2025 1 10/28/2025 Books
© 2023-2024 Copyright: Central University Libraries. All Rights Reserved | Created by: Mahone Tech Office